Vysoké Tatry Tupá 2293 m n.m. - Končistá 2540 m n.m. Gerlach 2663 m n. m.

Bibliographic Details
Format: Postcard
Language:Slovak
PhysicalDescription:1 pohľadnica čiernobiela 9 x 14 cm
Published: [Bratislava] Slovakotour [1946]
Subjects:

MARC

LEADER 00000nkm a2200000 a 4500
001 vtls010866014
003 SK-MaSNL
005 20260512124523.0
007 kp bo
008 231214q1946 xo g 00 kuslo
015 |a SNBG 
035 |a 721B7E3E-A47D-4B35-AC46-77BB90F07016 
035 |a urn:nbn:sk:snk-kmy07p 
035 |a urn:nbn:sk:snk-km007bju 
040 |a SNK  |b slo  |c SNK  |e AACR2 
041 0 |a slo 
043 |a e-xo--- 
044 |a xo  |c SK 
080 |a 911.2(23.0)  |2 2001 
080 |a 908(437.6)  |2 2001 
080 |a (084.121)  |2 2001 
080 |a (234.372.4)  |2 2011 
245 0 0 |a Vysoké Tatry  |h grafika  |b Tupá 2293 m n.m. - Končistá 2540 m n.m. Gerlach 2663 m n. m. 
260 |a [Bratislava]  |b Slovakotour  |c [1946] 
300 |a 1 pohľadnica  |b čiernobiela  |c 9 x 14 cm 
650 0 7 |a horské masívy  |2 SNKPH  |9 115560 
651 7 |a Gerlachovský štít (Vysoké Tatry, Slovensko)  |2 SNKPH  |9 56221 
651 7 |a Končistá (Vysoké Tatry, Slovensko : štít)  |2 SNKPH  |9 55665 
655 7 |a miestne pohľadnice  |2 SNKPH  |9 70510 
852 |a Slovenská národná knižnica 
958 |a GC 
958 |a GBN 
958 |a OND 
999 |c 928791  |d 930721 
952 |a SNK  |b SNK  |y PREZ  |7 0  |p 17A1164873  |o snkSP 3964  |0 0  |1 0  |4 0  |d 2015-08-27  |f 1  |l 0  |r 2026-02-24 08:40:48  |w 2026-02-24